Tous les clubs portugais ayant participés à la Ligue des Champions - Statistiques

Statistiques générales
  • Ce quiz a été pris 146 fois
  • Le résultat moyen est 5 sur 5
Statistiques - réponses
1ère participation Dernière participation Nombres de participations Clubs % Correct
1960-61 2025-26 41 Benfica
100%
1978-79 2026-27 35 Porto
100%
1955-56 2025-26 18 Sporting Lisbonne
99%
2010-11 2023-24 3 Braga
92%
1999-2000 2001-02 2 Boavista
60%
Aucun quiz correspondant
Distribution des résultats
% des personnes avec chaque résultat
Percentile par nombre de réponses
Votre historique - résultats
Vous n’avez pas pris ce quiz